|
|
|
|
| LEADER |
00000cam a2200000 7i4500 |
| 001 |
0000228374 |
| 005 |
20180522.0 |
| 020 |
|
|
|a 9781853406300
|
| 090 |
0 |
0 |
|a 649.143
|b FAB
|
| 100 |
1 |
|
|a Faber, Adele
|
| 245 |
1 |
0 |
|a Siblings without rivalry :
|b help your children to live together so you can live too
|c Adele Faber & Elaine Mazlish
|
| 260 |
|
|
|a London :
|b Piccadilly Press ,
|c 1998
|
| 300 |
|
|
|a 250p. ;
|c 20cm.
|
| 490 |
0 |
|
|a How to talk
|
| 650 |
|
0 |
|a Child rearing
|
| 650 |
|
0 |
|a Sibling rivalry
|
| 700 |
1 |
|
|a Mazlish, Elaine
|
| 999 |
|
|
|a 00349283
|b BUKU
|c PINJAMAN
|e PERPUSTAKAAN KOMUNITI PETALING JAYA
|
| 999 |
|
|
|a 00400582
|b BUKU
|c PINJAMAN
|e PERPUSTAKAAN KOMUNITI CAW BANDAR UTAMA
|